El Valle de Bravo : histórico y legendario /

Guardat en:
Dades bibliogràfiques
Autor principal: Castillo y Piña, José (autor)
Format: Llibre
Idioma:espanyol
Matèries:
Etiquetes: Afegir etiqueta
Sense etiquetes, Sigues el primer a etiquetar aquest registre!

MARC

LEADER 00000nam^a2200000^a^4500
001 000034052
005 20250521000000.0
009 20260526114428.792
037 |a Acervo ITESO - Biblioteca 
041 |a ESP 
082 |a 972. 5  |b CAS 
100 |a Castillo y Piña, José  |e (autor) 
245 1 3 |a El Valle de Bravo :  |b histórico y legendario /  |c J. Castillo y Piña. 
264 |a México :  |b Imprenta Efrén Rebollar,  |c 1938 
300 |a 697 p. 
336 |a texto  |b txt  |2 rdacontenido 
337 |a sin mediación  |b n  |2 rdamedio 
338 |a volumen  |b nc  |2 rdasoporte 
649 |a XX 
650 |a México -  |x Historia 
650 |a México (Estado) -  |x Historia 
650 |a Valle de Bravo, México (Estado) -  |x Historia 
650 |a Valle de Bravo, México (Estado) -  |x Descripción 
910 |a Fondo General 
920 |a Impresos - Libros 
930 |a Colección General 
905 |a 101 
901 |a 0340520100  |b IT1  |c ACC  |i 034052  |u 20250521 
902 |a https://opac.biblio.iteso.mx/vufind/Record/000034052